[Event "Wch U16"]
[Site "Montesilvano"]
[Date "2023.11.22"]
[Round "9"]
[White "Magold, Filip"]
[Black "Savicevs, Arsenijs"]
[Result "1-0"]
[WhiteElo "2382"]
[BlackElo "2169"]
[PlyCount "135"]
[EventDate "2023.11.13"]
[EventType "swiss"]
[EventRounds "11"]
[EventCountry "ITA"]
[SourceTitle "CB48_2023"]
[SourceDate "2023.11.29"]
[SourceVersion "1"]
[SourceVersionDate "2023.11.29"]
[SourceQuality "1"]

1. Nf3 d5 2. g3 c6 3. Bg2 Bg4 4. 0-0 Nd7 5. d4 Ngf6 6. c4 e6 7. Nc3 Be7 8. h3 Bf5 9. Nh4 Be4 10. Nxe4 Nxe4 11. Nf3 0-0 12. h4 Bd6 13. Qb3 Rb8 14. Ng5 Nef6 15. Qc2 h6 16. Nh3 b5 17. c5 Bc7 18. b4 a5 19. bxa5 e5 20. e3 Bxa5 21. a4 b4 22. Rb1 Re8 23. Rb3 exd4 24. exd4 Ne4 25. Bf4 Nc3 26. Bf3 Ra8 27. Ra1 Qf6 28. Qd2 Re7 29. Kg2 Rae8 30. Qd3 Ne2 31. Be3 Nxg3 32. Kxg3 Nxc5 33. dxc5 Qxa1 34. Bd4 Qxa4 35. Kg2 Bc7 36. Bd1 Re4 37. h5 Be5 38. Be3 Qa2 39. Bc2 Bc3 40. Nf4 Qa7 41. Ne2 Qd7 42. Ng3 f5 43. Nxe4 fxe4 44. Qd1 Qf5 45. Qe2 Qe5 46. Qg4 Kh8 47. Bf4 Qf6 48. Qg6 Qxg6+ 49. hxg6 Re6 50. Rb1 Rxg6+ 51. Bg3 Re6 52. Bd6 g5 53. Ba4 Bd4 54. Rxb4 e3 55. fxe3 Bxe3 56. Rb6 d4 57. Bxc6 d3 58. Bf3 d2 59. Rb1 Kg7 60. c6 g4 61. Bxg4 Rg6 62. Kh3 h5 63. Be5+ Kh6 64. Bf3 Rg8 65. c7 Ba7 66. Bb7 Rg1 67. c8Q Rxb1 68. Qf8+ 1-0

[Event "Wch U16"]
[Site "Montesilvano"]
[Date "2023.11.16"]
[Round "4"]
[White "Savicevs, Arsenijs"]
[Black "Zhao, Erick"]
[Result "1-0"]
[WhiteElo "2169"]
[BlackElo "2340"]
[PlyCount "82"]
[EventDate "2023.11.13"]
[EventType "swiss"]
[EventRounds "11"]
[EventCountry "ITA"]
[SourceTitle "CB48_2023"]
[SourceDate "2023.11.29"]
[SourceVersion "1"]
[SourceVersionDate "2023.11.29"]
[SourceQuality "1"]

1. e4 c5 2. Nf3 d6 3. d4 cxd4 4. Nxd4 Nf6 5. Nc3 a6 6. h3 g6 7. Be3 Bg7 8. Qd2 b5 9. a4 bxa4 10. Rxa4 0-0 11. Bd3 Bb7 12. 0-0 Nbd7 13. Nb3 Bc6 14. Ra2 Ne5 15. Rfa1 Nxd3 16. Qxd3 Bb7 17. Na5 Bc8 18. Bd4 e5 19. Be3 Qc7 20. Bg5 Be6 21. Bxf6 Bxf6 22. Nd5 Bxd5 23. exd5 Rfe8 24. Qc4 Qb6 25. Qc6 Qd4 26. c3 Qf4 27. Nb7 e4 28. Nxd6 Be5 29. Nxe8 Qh2+ 30. Kf1 Qh1+ 31. Ke2 Qxg2 32. Qxa8 Qf3+ 33. Ke1 e3 34. Nf6+ Kg7 35. Ng4 exf2+ 36. Nxf2 Qe3+ 37. Kf1 Bg3 38. b4 Bxf2 39. Rxf2 Qd3+ 40. Kg2 Qe4+ 41. Kg1 Qd4 1-0

[Event "World ol U16"]
[Site "Eindhoven"]
[Date "2023.08.16"]
[Round "6.5"]
[White "Milikow, Elie"]
[Black "Savicevs, Arsenijs"]
[Result "1-0"]
[WhiteElo "2424"]
[BlackElo "2039"]
[PlyCount "221"]
[EventDate "2023.08.13"]
[EventType "team-swiss"]
[EventRounds "9"]
[EventCountry "NED"]
[SourceTitle "CBM 215 Extra"]
[Source "ChessBase"]
[SourceDate "2023.09.30"]
[SourceVersion "1"]
[SourceVersionDate "2023.09.30"]
[SourceQuality "1"]
[WhiteTeam "Israel"]
[BlackTeam "Latvia"]
[WhiteTeamCountry "ISR"]
[BlackTeamCountry "LAT"]

1. e4 c5 2. Nf3 d6 3. d4 cxd4 4. Nxd4 Nf6 5. Nc3 a6 6. f3 e5 7. Nb3 Be7 8. Be3 Be6 9. Qd2 h5 10. Be2 Nbd7 11. Nd5 Nxd5 12. exd5 Bf5 13. Na5 Bh4+ 14. g3 Bf6 15. c4 Qc7 16. 0-0 0-0 17. Rac1 Bh3 18. Rf2 Bd8 19. b4 Rc8 20. Nb3 f5 21. Bf1 Bxf1 22. Rfxf1 b6 23. Kh1 Be7 24. a4 Nf6 25. a5 bxa5 26. Nxa5 Qd7 27. Rfd1 h4 28. c5 hxg3 29. c6 Qe8 30. hxg3 Qh5+ 31. Kg2 f4 32. gxf4 Qg6+ 33. Kf1 Nh5 34. Qc2 Ng3+ 35. Kf2 Nf5 36. Rg1 Qh5 37. Bb6 Bh4+ 38. Ke2 e4 39. Rcf1 Ng3+ 40. Rxg3 Bxg3 41. Qb3 Rfe8 42. Kd2 Qh2+ 43. Kc1 Bxf4+ 44. Kb1 e3 45. Re1 Qf2 46. Qd1 Qd2 47. Qxd2 exd2 48. Rd1 Re5 49. c7 Rxd5 50. Nc6 Kf7 51. Na7 Re8 52. c8Q Rxc8 53. Nxc8 Rd3 54. Kc2 Rxf3 55. Na7 Ke6 56. Nc6 Kd5 57. Nd4 Rh3 58. Ne2 Bh6 59. Nc3+ Kc4 60. Ne4 Kxb4 61. Bd4 Rh4 62. Bc3+ Kb5 63. Nxd6+ Kc6 64. Nf5 Rh2 65. Ra1 d1Q+ 66. Kxd1 Rh1+ 67. Be1 Bf4 68. Rxa6+ Kd5 69. Ke2 g5 70. Ra4 Rh2+ 71. Kf3 Rh1 72. Ra5+ Ke6 73. Nd4+ Kf7 74. Bf2 Rf1 75. Ke2 Rb1 76. Kd3 Rb2 77. Be1 Rb1 78. Bc3 Rd1+ 79. Ke4 Bd2 80. Bxd2 Rxd2 81. Rxg5 Rf2 82. Ra5 Kf6 83. Ra6+ Kg5 84. Nf3+ Kg4 85. Rg6+ Kh5 86. Rg1 Ra2 87. Rg5+ Kh6 88. Rg1 Rf2 89. Nd4 Kh7 90. Nf5 Re2+ 91. Kf4 Ra2 92. Rg7+ Kh8 93. Rd7 Ra5 94. Kg5 Kg8 95. Kg6 Ra6+ 96. Nd6 Kf8 97. Kf6 Kg8 98. Kg6 Kf8 99. Rf7+ Kg8 100. Rf6 Ra1 101. Ne4 Rg1+ 102. Ng5 Rg2 103. Rf1 Rg3 104. Re1 Kf8 105. Kf6 Rg2 106. Ne6+ Kg8 107. Rf1 Rg3 108. Nd4 Rg2 109. Nf5 Kf8 110. Rd1 Kg8 111. Ne7+ 1-0

[Event "World ol U16"]
[Site "Eindhoven"]
[Date "2023.08.14"]
[Round "2.3"]
[White "Savicevs, Arsenijs"]
[Black "Han, Yichen"]
[Result "1-0"]
[WhiteElo "2039"]
[BlackElo "2413"]
[PlyCount "97"]
[EventDate "2023.08.13"]
[EventType "team-swiss"]
[EventRounds "9"]
[EventCountry "NED"]
[SourceTitle "CBM 215 Extra"]
[Source "ChessBase"]
[SourceDate "2023.09.30"]
[SourceVersion "1"]
[SourceVersionDate "2023.09.30"]
[SourceQuality "1"]
[WhiteTeam "Latvia"]
[BlackTeam "Netherlands"]
[WhiteTeamCountry "LAT"]
[BlackTeamCountry "NED"]

1. e4 c6 2. d4 d5 3. e5 Bf5 4. Nf3 e6 5. Be2 c5 6. c3 Nc6 7. 0-0 Qb6 8. dxc5 Bxc5 9. b4 Be7 10. Be3 Qc7 11. b5 Na5 12. Qa4 b6 13. c4 dxc4 14. Nbd2 Nh6 15. Nxc4 Nxc4 16. Rac1 Nb2 17. Qb3 Qb7 18. Qxb2 0-0 19. Nd2 Rad8 20. Bf3 Qb8 21. Ne4 Bg6 22. Nf6+ Kh8 23. Bc6 gxf6 24. Bxh6 Rg8 25. exf6 Bf8 26. Bg7+ Bxg7 27. fxg7+ Rxg7 28. Rfd1 Rxd1+ 29. Rxd1 e5 30. Rd5 f6 31. Qd2 Rg8 32. Rd7 Bf5 33. Rf7 Rd8 34. Qe2 Qd6 35. h3 a6 36. Qf3 Qe6 37. Ra7 axb5 38. Be4 Bxe4 39. Qxe4 Rd7 40. Qa8+ Kg7 41. Qc8 Rxa7 42. Qxe6 b4 43. Qg4+ Kh6 44. Qg8 Ra4 45. Qf8+ Kg5 46. Qg7+ Kh5 47. Qxh7+ Kg5 48. h4+ Kg4 49. Qd7+ 1-0

[Event "Riga Tech op-A"]
[Site "Riga"]
[Date "2023.08.11"]
[Round "7"]
[White "Savicevs, Arsenijs"]
[Black "Sakalauskas, Vaidas"]
[Result "0-1"]
[WhiteElo "2039"]
[BlackElo "2352"]
[PlyCount "68"]
[EventDate "2023.08.07"]
[EventType "swiss"]
[EventRounds "9"]
[EventCountry "LAT"]
[SourceTitle "CBM 215 Extra"]
[Source "ChessBase"]
[SourceDate "2023.09.30"]
[SourceVersion "1"]
[SourceVersionDate "2023.09.30"]
[SourceQuality "1"]

1. e4 e6 2. d4 d5 3. e5 c5 4. c3 Qb6 5. Nf3 Nc6 6. a3 Bd7 7. b4 cxd4 8. cxd4 Rc8 9. Be3 Nh6 10. Bd3 Ng4 11. Nbd2 Be7 12. Nb3 Nxe3 13. fxe3 0-0 14. 0-0 Nb8 15. Qe2 a6 16. Nc5 Bb5 17. Bxb5 axb5 18. Rfc1 Qc6 19. Qf1 Nd7 20. a4 Nb6 21. axb5 Qe8 22. Nd2 Rc7 23. Ra7 Bg5 24. Qe2 Qb8 25. Rca1 Re8 26. Qd3 h6 27. Kf2 Qc8 28. Qa3 Bd8 29. Qa2 g6 30. Nb1 Kg7 31. Nc3 f6 32. exf6+ Bxf6 33. Qa5 Rf7 34. Qxb6 Bd8+ 0-1

[Event "Kragero op"]
[Site "Kragero"]
[Date "2023.02.24"]
[Round "6"]
[White "Nordquelle, Daniel"]
[Black "Savicevs, Arsenijs"]
[Result "1/2-1/2"]
[WhiteElo "2141"]
[BlackElo "1970"]
[PlyCount "102"]
[EventDate "2023.02.22"]
[EventType "swiss"]
[EventRounds "9"]
[EventCountry "NOR"]
[SourceTitle "CBM 212 Extra"]
[Source "ChessBase"]
[SourceDate "2023.03.31"]
[SourceVersion "1"]
[SourceVersionDate "2023.03.31"]
[SourceQuality "1"]

1. e4 c5 2. Nc3 Nc6 3. Bb5 Nd4 4. Nf3 g6 5. 0-0 Bg7 6. Nxd4 cxd4 7. Ne2 a6 8. Bd3 d5 9. c3 dxe4 10. Bxe4 Nf6 11. Bf3 e5 12. d3 dxc3 13. bxc3 0-0 14. Ng3 Qc7 15. Ba3 Rd8 16. Rc1 Be6 17. Qe2 Nd5 18. Rfd1 Qa5 19. Qb2 Rac8 20. Ne4 b5 21. Nc5 Bf8 22. Bb4 Nxb4 23. cxb4 Qxa2 24. Qxe5 Bg7 25. Qg5 Bd5 26. Be4 Bd4 27. Rd2 Qa3 28. Rdc2 Bb2 29. Rb1 Bxe4 30. dxe4 Qxb4 31. g3 Bf6 32. Qc1 Qd4 33. Nxa6 Bg5 34. Qb2 Qxe4 35. Re2 Qb7 36. Nb4 Re8 37. h4 Bh6 38. Rxe8+ Rxe8 39. Nd3 Rd8 40. Qb3 Qd5 41. Qxd5 Rxd5 42. Rb3 Bf8 43. Kg2 b4 44. Kf3 Ra5 45. Ke4 Ra3 46. Rb1 b3 47. Nc1 f5+ 48. Kd5 Ra4 49. Rxb3 f4 50. Ne2 fxg3 51. fxg3 Rb4 1/2-1/2

[Event "Kragero op"]
[Site "Kragero"]
[Date "2023.02.22"]
[Round "2"]
[White "Van Foreest, Lucas"]
[Black "Savicevs, Arsenijs"]
[Result "1-0"]
[WhiteElo "2571"]
[BlackElo "1970"]
[PlyCount "64"]
[EventDate "2023.02.22"]
[EventType "swiss"]
[EventRounds "9"]
[EventCountry "NOR"]
[SourceTitle "CBM 212 Extra"]
[Source "ChessBase"]
[SourceDate "2023.03.31"]
[SourceVersion "1"]
[SourceVersionDate "2023.03.31"]
[SourceQuality "1"]

1. d4 Nf6 2. c4 e6 3. Nf3 c5 4. g3 cxd4 5. Nxd4 Nc6 6. Bg2 Bb4+ 7. Bd2 Bxd2+ 8. Qxd2 0-0 9. 0-0 d5 10. Rd1 Qe7 11. cxd5 Nxd5 12. Nc3 Nxc3 13. Qxc3 Nb4 14. a3 Nd5 15. Qb3 b6 16. e4 Nf6 17. e5 Nd5 18. Nc6 Qc7 19. Rac1 Bb7 20. Na5 Qd7 21. Nxb7 Qxb7 22. Bxd5 exd5 23. Qxd5 Qe7 24. Rc6 Rfe8 25. f4 h5 26. Rd6 Rec8 27. Rd2 Rc1+ 28. Kg2 Rac8 29. Rd7 Qe8 30. Rxa7 R8c2 31. Rxc2 Rxc2+ 32. Kf3 b5 1-0

[Event "SWE-ch Blitz"]
[Site "Stockholm"]
[Date "2023.01.01"]
[Round "1"]
[White "Savicevs, Arsenijs"]
[Black "Milikow, Yoav"]
[Result "1-0"]
[WhiteElo "1919"]
[BlackElo "2416"]
[PlyCount "135"]
[EventDate "2023.01.01"]
[EventType "swiss (blitz)"]
[EventRounds "13"]
[EventCountry "SWE"]
[SourceTitle "CBM 211 Extra"]
[Source "ChessBase"]
[SourceDate "2023.01.31"]
[SourceVersion "1"]
[SourceVersionDate "2023.01.31"]
[SourceQuality "1"]

1. Nf3 d5 2. d4 Nf6 3. c4 e6 4. g3 Bb4+ 5. Bd2 Be7 6. Bg2 0-0 7. 0-0 c6 8. Bf4 Nbd7 9. Qc2 b6 10. Rd1 Ba6 11. Ne5 Nxe5 12. dxe5 Ng4 13. h3 Nxf2 14. Kxf2 Bc5+ 15. Be3 Bxe3+ 16. Kxe3 Qg5+ 17. Kf2 Bxc4 18. Nd2 f6 19. exf6 Qxf6+ 20. Nf3 e5 21. b3 Ba6 22. e4 Rad8 23. exd5 cxd5 24. Kg1 e4 25. Nd4 Bd3 26. Rxd3 exd3 27. Qxd3 Qf2+ 28. Kh2 Rd6 29. Rf1 Qb2 30. Rxf8+ Kxf8 31. Qf5+ Rf6 32. Qc8+ Ke7 33. Nf5+ Kf7 34. Qd7+ Kg6 35. Ne7+ Kh6 36. Ng8+ Kg6 37. Nxf6 gxf6 38. Qxd5 Qxa2 39. h4 a5 40. h5+ Kh6 41. Kh3 Qe2 42. Bf3 Qe3 43. Qf5 Kg7 44. Bd5 Qe7 45. Qg4+ Kh6 46. Qf4+ Kxh5 47. Be4 f5 48. Bxf5 Qg5 49. g4+ Kh6 50. Qd6+ Kg7 51. Qd7+ Kf8 52. Qc8+ Kg7 53. Qc7+ Kf8 54. Qxb6 Qd2 55. Qf6+ Ke8 56. Qh8+ Ke7 57. Qxh7+ Kf8 58. Qh8+ Ke7 59. Qe5+ Kf8 60. Qf6+ Ke8 61. Bg6+ Kd7 62. Qf7+ Kd8 63. Kh4 Qe1+ 64. Kg5 Qe3+ 65. Kf6 Qf3+ 66. Bf5 Qc3+ 67. Kg6 Qd4 68. Qf6+ 1-0

[Event "World ol U16"]
[Site "Nakhchivan"]
[Date "2022.10.10"]
[Round "9.9"]
[White "Amilal, Munkhdalai"]
[Black "Savicevs, Arsenijs"]
[Result "1/2-1/2"]
[WhiteElo "2137"]
[BlackElo "1830"]
[PlyCount "88"]
[EventDate "2022.10.02"]
[EventType "team-swiss"]
[EventRounds "9"]
[EventCountry "AZE"]
[SourceTitle "CBM 210 Extra"]
[Source "ChessBase"]
[SourceDate "2022.11.30"]
[SourceVersion "1"]
[SourceVersionDate "2022.11.30"]
[SourceQuality "1"]
[WhiteTeam "Mongolia"]
[BlackTeam "Latvia"]
[WhiteTeamCountry "MGL"]
[BlackTeamCountry "LAT"]

1. e4 c5 2. Nf3 e6 3. b3 b6 4. c4 Bb7 5. Nc3 Nc6 6. Bb2 Nd4 7. Bd3 Nxf3+ 8. Qxf3 Ne7 9. Qg3 a6 10. e5 d6 11. exd6 Ng6 12. Ne4 Ra7 13. Qe3 Nh4 14. 0-0-0 Nf5 15. Qf4 Bxe4 16. Bxe4 Bxd6 17. Qg4 h5 18. Qh3 Nd4 19. Rhe1 b5 20. Qd3 Qb6 21. g3 0-0 22. Kb1 bxc4 23. Qxc4 a5 24. Qa4 Rb8 25. Rc1 Qb4 26. Qxb4 Rxb4 27. Ba3 Rb8 28. Bxc5 Bxc5 29. Rxc5 a4 30. Rec1 f5 31. Rc8+ Rxc8 32. Rxc8+ Kf7 33. Rd8 axb3 34. Rxd4 bxa2+ 35. Ka1 fxe4 36. Rxe4 Kf6 37. d4 g5 38. h4 Ra6 39. hxg5+ Kxg5 40. Re5+ Kg4 41. d5 exd5 42. Rxd5 Ra4 43. f3+ Kxg3 44. Rxh5 Kxf3 1/2-1/2

[Event "Split op 11th"]
[Site "Split"]
[Date "2022.07.22"]
[Round "7"]
[White "Savicevs, Arsenijs"]
[Black "Culum, Sanjin"]
[Result "0-1"]
[WhiteElo "1845"]
[BlackElo "2287"]
[PlyCount "50"]
[EventDate "2022.07.16"]
[EventType "swiss"]
[EventRounds "9"]
[EventCountry "CRO"]
[SourceTitle "CBM 209 Extra"]
[Source "ChessBase"]
[SourceDate "2022.09.30"]
[SourceVersion "1"]
[SourceVersionDate "2022.09.30"]
[SourceQuality "1"]

1. Nf3 c5 2. c4 Nc6 3. d4 cxd4 4. Nxd4 Nf6 5. Nc3 e6 6. Bf4 a6 7. e4 Bb4 8. Nxc6 bxc6 9. Bd3 Qa5 10. 0-0 e5 11. Bd2 Qd8 12. Ne2 Be7 13. Bc3 Qc7 14. Kh1 0-0 15. f4 d6 16. Qe1 Bg4 17. Ng3 Rae8 18. f5 Nh5 19. Nxh5 Bxh5 20. h3 f6 21. b4 Bf7 22. c5 dxc5 23. Bxa6 Qb6 24. Be2 cxb4 25. Rb1 Qa5 0-1

[Event "EU-ch Rapid"]
[Site "Katowice"]
[Date "2021.12.19"]
[Round "11"]
[White "Pacuszka, Tomasz"]
[Black "Savicevs, Arsenijs"]
[Result "0-1"]
[WhiteElo "2193"]
[BlackElo "1669"]
[PlyCount "100"]
[EventDate "2021.12.18"]
[EventType "swiss (rapid)"]
[EventRounds "11"]
[EventCountry "POL"]
[SourceTitle "CBM 205 Extra"]
[Source "ChessBase"]
[SourceDate "2022.01.31"]
[SourceVersion "1"]
[SourceVersionDate "2022.01.31"]
[SourceQuality "1"]

1. e4 c5 2. Be2 e6 3. f4 Nc6 4. Nf3 g6 5. 0-0 Bg7 6. d3 Nge7 7. c3 d5 8. e5 h5 9. Be3 d4 10. Bf2 Nf5 11. Nbd2 Nce7 12. c4 b6 13. Ne4 Bb7 14. Nfg5 Bh6 15. Bf3 Bxe4 16. Bxe4 Bxg5 17. fxg5 Rb8 18. b4 Qc7 19. Re1 0-0 20. Qa4 cxb4 21. Qxb4 Nc6 22. Qb5 Nce7 23. Bf3 Rfc8 24. Re4 Qc5 25. a4 Nc6 26. h3 a6 27. Qxa6 Nb4 28. Qb5 Nxd3 29. g4 Nxf2 30. Kxf2 Qxb5 31. axb5 Ne3 32. Rxd4 Nc2 33. Rdd1 Nxa1 34. Rxa1 Rxc4 35. gxh5 gxh5 36. Bxh5 Rc5 37. Be2 Rxe5 38. h4 Rc8 39. Ra2 Kg7 40. Rd2 Rd5 41. Ra2 f6 42. Ra7+ Kg6 43. Re7 Rd6 44. gxf6 Kxf6 45. Rb7 Rc2 46. Ke3 Rc3+ 47. Kf2 Rh3 48. h5 Rd2 49. Ke1 Ra2 50. Rd7 Rh1+ 0-1

[Event "EU-ch Amateur Online 1700/2000"]
[Site "Tornelo INT"]
[Date "2021.04.24"]
[Round "3"]
[White "Savicevs, Arsenijs"]
[Black "Ragios, Konstantinos"]
[Result "0-1"]
[WhiteElo "1689"]
[BlackElo "1968"]
[PlyCount "84"]
[EventDate "2021.04.24"]
[EventType "swiss (rapid)"]
[EventRounds "8"]
[EventCountry "NET"]
[SourceTitle "EXT 2023"]
[Source "ChessBase"]
[SourceDate "2022.10.05"]
[SourceVersion "1"]
[SourceVersionDate "2022.10.05"]
[SourceQuality "1"]

1. e4 e5 2. Nf3 Nc6 3. Bc4 Bc5 4. 0-0 Nf6 5. d3 h6 6. c3 d6 7. h3 0-0 8. Be3 Bb6 9. Nbd2 Be6 10. Qc2 Qe7 11. Rad1 Rad8 12. Rfe1 Nh5 13. Nf1 Qf6 14. Qe2 Nf4 15. Bxf4 Qxf4 16. d4 exd4 17. cxd4 d5 18. exd5 Bxd5 19. Bxd5 Rxd5 20. Ne3 Nxd4 21. Nxd4 Rxd4 22. Nd5 Qg5 23. Rxd4 Bxd4 24. Nxc7 Qc5 25. Nb5 Bxf2+ 26. Qxf2 Qxb5 27. Re7 a6 28. Kh1 Qb4 29. Rd7 Qb5 30. Re7 Qd5 31. Qf3 Qxf3 32. gxf3 Rb8 33. Kg2 b6 34. Kg3 b5 35. Ra7 Rb6 36. b3 Rf6 37. a4 bxa4 38. bxa4 Kh7 39. a5 Kg6 40. Rb7 h5 41. Rb6 Kg5 42. h4+ Kg6 0-1

[Event "EU-ch Amateur Online Final 1400/1700"]
[Site "Tornelo INT"]
[Date "2021.04.18"]
[Round "4"]
[White "Ntouvelos, Ioannis"]
[Black "Savicevs, Arsenijs"]
[Result "1-0"]
[WhiteElo "1547"]
[BlackElo "1689"]
[PlyCount "77"]
[EventDate "2021.04.18"]
[EventType "swiss (rapid)"]
[EventRounds "9"]
[EventCountry "NET"]
[SourceTitle "EXT 2023"]
[Source "ChessBase"]
[SourceDate "2022.10.05"]
[SourceVersion "1"]
[SourceVersionDate "2022.10.05"]
[SourceQuality "1"]

1. c4 e5 2. g3 Nf6 3. Bg2 d5 4. cxd5 Nxd5 5. Nc3 Nb6 6. Nf3 Nc6 7. 0-0 Be7 8. d3 0-0 9. Be3 Be6 10. Ne4 h6 11. a3 Nd5 12. Bc5 Qd7 13. Bxe7 Qxe7 14. Rc1 Rfd8 15. Nc5 Bc8 16. Qb3 Na5 17. Qa4 b6 18. Ne4 c5 19. Nc3 Nxc3 20. Rxc3 Bd7 21. Qe4 Nc6 22. Nd2 Nd4 23. Qe3 Rac8 24. Nc4 Re8 25. Re1 b5 26. Na5 b4 27. axb4 cxb4 28. Rxc8 Rxc8 29. Rd1 Rc2 30. Bf3 Bb5 31. Nc4 Bxc4 32. dxc4 b3 33. Rxd4 Rxb2 34. Rd1 a5 35. Qc3 Qa3 36. Rd8+ Kh7 37. Be4+ g6 38. Qxe5 Qa1+ 39. Kg2 1-0